Normal view
MARC view
Entry Personal Name
001 - CONTROL NUMBER
- control field: 62203
003 - CONTROL NUMBER IDENTIFIER
- control field: dpl
005 - DATE AND TIME OF LATEST TRANSACTION
- control field: 20240216112831.0
008 - FIXED-LENGTH DATA ELEMENTS
- fixed length control field: 240216|| aca||aabn | a|a d
040 ## - CATALOGING SOURCE
- Original cataloging agency: dpl
- Transcribing agency: dpl
100 ## - HEADING--PERSONAL NAME
- Personal name: जैफरी आर्चर
670 ## - SOURCE DATA FOUND
- Source citation: Work cat.: (dpl)200839: जैफरी आर्चर , प्रोदिगल डाटर/, 2023
